Introducción a la antropología / (Registro nro. 13106)
[ vista simple ]
| 000 -LEADER | |
|---|---|
| fixed length control field | 01065nam a22003017a 4500 |
| 003 - CONTROL NUMBER IDENTIFIER | |
| control field | DO-SdBNP |
| 005 - DATE AND TIME OF LATEST TRANSACTION | |
| control field | 20171127102845.0 |
| 008 - FIXED-LENGTH DATA ELEMENTS--GENERAL INFORMATION | |
| fixed length control field | 171127b 1981 sp a ||||| |||| 00| 0 spa d |
| 020 ## - INTERNATIONAL STANDARD BOOK NUMBER | |
| International Standard Book Number | 8403120699 |
| 040 ## - CATALOGING SOURCE | |
| Original cataloging agency | BPMSU |
| Language of cataloging | spa |
| Transcribing agency | BPMSU |
| 092 ## - LOCALLY ASSIGNED DEWEY CALL NUMBER (OCLC) | |
| Classification number | xxxx |
| Item number | xxxx |
| 100 1# - MAIN ENTRY--PERSONAL NAME | |
| Personal name | Beals, Ralh L. |
| 240 10 - UNIFORM TITLE | |
| Uniform title | <a href="Translation of An introduction to anthropology.">Translation of An introduction to anthropology.</a> |
| Language of a work | Español |
| 245 10 - TITLE STATEMENT | |
| Title | Introducción a la antropología / |
| Statement of responsibility, etc. | Ralh L. Beals, Harry Hoijer ; traducción del inglés por Juan Martín Ruiz-Werner, Juan García-Puente. |
| 250 ## - EDITION STATEMENT | |
| Edition statement | 3a. ed., 1a. reimp |
| 260 ## - PUBLICATION, DISTRIBUTION, ETC. (IMPRINT) | |
| Place of publication, distribution, etc. | Madrid : |
| Name of publisher, distributor, etc. | Aguilar, |
| Date of publication, distribution, etc. | 1981. |
| 300 ## - PHYSICAL DESCRIPTION | |
| Extent | xxiv, 812 p. : |
| Other physical details | il., mapas ; |
| Dimensions | 24 cm. |
| 490 1# - SERIES STATEMENT | |
| Series statement | Cultura e Historia |
| 650 ## - SUBJECT ADDED ENTRY--TOPICAL TERM | |
| Topical term or geographic name as entry element | Antropología -- Manuales. |
| 650 ## - SUBJECT ADDED ENTRY--TOPICAL TERM | |
| Topical term or geographic name as entry element | Antropología física -- Tratados, manuales, etc. |
| 700 1# - ADDED ENTRY--PERSONAL NAME | |
| Personal name | Hoijer, Harry |
| 700 12 - ADDED ENTRY--PERSONAL NAME | |
| Personal name | Ruiz-Werner, Juan Martín, |
| Relator term | tr. |
| 700 12 - ADDED ENTRY--PERSONAL NAME | |
| Personal name | García-Puente, Juan, |
| Relator term | tr. |
| 830 #0 - SERIES ADDED ENTRY--UNIFORM TITLE | |
| Uniform title | Cultura e Historia |
| 942 ## - ADDED ENTRY ELEMENTS (KOHA) | |
| Source of classification or shelving scheme | Dewey Decimal Classification |
| Koha item type | Libros |
| 945 ## - LOCAL PROCESSING INFORMATION (OCLC) | |
| a | Inventariado 2017/LP |
| 956 ## - LOCAL ELECTRONIC LOCATION AND ACCESS (OCLC) | |
| Host name | LOPEREZ |
| Access number | 10 |
| Compression information | 20171127 |
| Processor of request | 0041 |
| Instruction | BPMSU |
| Withdrawn status | Lost status | Source of classification or shelving scheme | Damaged status | Not for loan | Collection code | Home library | Current library | Date acquired | Source of acquisition | Total Checkouts | Barcode | Date last seen | Price effective from | Koha item type |
|---|---|---|---|---|---|---|---|---|---|---|---|---|---|---|
| Dewey Decimal Classification | Colección General | Biblioteca Pública Metropolitana Salomé Ureña | Biblioteca Pública Metropolitana Salomé Ureña | 11/27/2017 | Donación | BPMSU17110437 | 11/27/2017 | 11/27/2017 | Libros |